ISLAM dalam Perlembagaan Persekutuan / (Record no. 176938)
[ view plain ]
| 000 -LEADER | |
|---|---|
| fixed length control field | 01580nam a22004811i 4500 |
| 001 - CONTROL NUMBER | |
| control field | vtls000840124 |
| 003 - CONTROL NUMBER IDENTIFIER | |
| control field | PNM |
| 005 - DATE AND TIME OF LATEST TRANSACTION | |
| control field | 20200315172115.0 |
| 006 - FIXED-LENGTH DATA ELEMENTS--ADDITIONAL MATERIAL CHARACTERISTICS | |
| fixed length control field | innnneq |
| 007 - PHYSICAL DESCRIPTION FIXED FIELD--GENERAL INFORMATION | |
| fixed length control field | sd uungunnmnnu |
| 008 - FIXED-LENGTH DATA ELEMENTS--GENERAL INFORMATION | |
| fixed length control field | 171024s2018 my e f001 0 may |
| 015 ## - NATIONAL BIBLIOGRAPHY NUMBER | |
| National bibliography number | M181-01377 |
| 020 ## - INTERNATIONAL STANDARD BOOK NUMBER | |
| International Standard Book Number | 9789832718512 |
| Qualifying information | paperback |
| Terms of availability | RM35.00 |
| 039 #9 - LEVEL OF BIBLIOGRAPHIC CONTROL AND CODING DETAIL [OBSOLETE] | |
| Level of rules in bibliographic description | 201908301553 |
| Level of effort used to assign nonsubject heading access points | habirah |
| Level of effort used to assign subject headings | 201810301618 |
| Level of effort used to assign classification | irfah |
| Level of effort used to assign subject headings | 201810301437 |
| Level of effort used to assign classification | irfah |
| Level of effort used to assign subject headings | 201810101053 |
| Level of effort used to assign classification | hazwani |
| 040 ## - CATALOGING SOURCE | |
| Original cataloging agency | BNM |
| Language of cataloging | may |
| Transcribing agency | BNM |
| Modifying agency | PNM |
| -- | PPAK |
| Description conventions | rda |
| 049 ## - LOCAL HOLDINGS (OCLC) | |
| Holding library | klpmal |
| 082 04 - DEWEY DECIMAL CLASSIFICATION NUMBER | |
| Classification number | 297.1409595 |
| Edition number | 23 |
| 090 00 - LOCALLY ASSIGNED LC-TYPE CALL NUMBER (OCLC); LOCAL CALL NUMBER (RLIN) | |
| Classification number (OCLC) (R) ; Classification number, CALL (RLIN) (NR) | 297.1409595 |
| Feature heading | SHA |
| Classification number (OCLC) (R) ; Classification number, CALL (RLIN) (NR) | 297.1409595 |
| Feature heading | SHA |
| Feature heading | G |
| 100 0# - MAIN ENTRY--PERSONAL NAME | |
| Personal name | Shamrahayu Abd. Aziz, |
| Titles and words associated with a name | Prof. Madya, Dr., |
| Relator term | author. |
| 245 10 - TITLE STATEMENT | |
| Title | ISLAM dalam Perlembagaan Persekutuan / |
| Statement of responsibility, etc. | SHAMRAHAYU BINTI A. AZIZ |
| 264 #1 - PRODUCTION, PUBLICATION, DISTRIBUTION, MANUFACTURE, AND COPYRIGHT NOTICE | |
| Place of production, publication, distribution, manufacture | Kuala Lumpur : |
| Name of producer, publisher, distributor, manufacturer | Penerbit IKIM, |
| Date of production, publication, distribution, manufacture, or copyright notice | 2018 |
| 300 ## - PHYSICAL DESCRIPTION | |
| Extent | ix, 102 pages ; |
| Dimensions | 23 cm + |
| Accompanying material | 1 audio disc |
| 336 ## - CONTENT TYPE | |
| Content type term | text |
| Source | rdacontent |
| Content type term | spoken word |
| Source | rdacontent |
| 337 ## - MEDIA TYPE | |
| Media type term | unmediated |
| Source | rdamedia |
| Media type term | audio |
| Source | rdamedia |
| 338 ## - CARRIER TYPE | |
| Carrier type term | volume |
| Source | rdacarrier |
| Carrier type term | audio disc |
| Source | rdacarrier |
| 500 ## - GENERAL NOTE | |
| General note | Includes index. |
| 504 ## - BIBLIOGRAPHY, ETC. NOTE | |
| Bibliography, etc. note | Bibliography: pages 95-100 |
| 650 10 - SUBJECT ADDED ENTRY--TOPICAL TERM | |
| Topical term or geographic name entry element | Islamic law |
| Geographic subdivision | Malaysia |
| Topical term or geographic name entry element | Constitutional law |
| General subdivision | Religious aspects |
| -- | Islam |
| Topical term or geographic name entry element | Islam |
| Geographic subdivision | Malaysia |
| General subdivision | History |
| 942 ## - ADDED ENTRY ELEMENTS (KOHA) | |
| Source of classification or shelving scheme | Dewey Decimal Classification |
| Koha item type | Book |
| 949 ## - LOCAL PROCESSING INFORMATION (OCLC) | |
| 6 | 2000607462 |
| a | 297.1409595 SHA M |
| 6 | 2000607463 |
| a | 297.1409595 SHA M |
| 6 | 2000607464 |
| a | 297.1409595 SHA M |
| 6 | 2000098212 |
| e | 2538704 |
| 6 | 2000098211 |
| e | 2538702 |
| 6 | 1001303939 |
| e | 2538701 |
| 6 | 1001303940 |
| e | 2538703 |
| Withdrawn | Not for loan | Current library | Shelving location | Date acquired | Total Checkouts | Total Renewals | Full call number | Barcode | Date last seen | Date last checked out | Koha item type |
|---|---|---|---|---|---|---|---|---|---|---|---|
| Perpustakaan Alor Setar | Pinjaman Dewasa | 03/06/2020 | 5 | 2 | 297.1409595 SHA | A01641184 | 29/12/2024 | 12/12/2024 | Book | ||
| Perpustakaan Awam Sungai Petani | Pinjaman Dewasa | 03/06/2020 | 1 | 297.1409595 SHA | A01641185 | 26/02/2024 | 29/01/2024 | Book | |||
| Perpustakaan Baling | Pinjaman Dewasa | 03/06/2020 | 2 | 2 | 297.1409595 SHA | A01641189 | 16/06/2025 | 18/05/2025 | Book | ||
| Perpustakaan Bandar Baharu | Pinjaman Dewasa | 03/06/2020 | 297.1409595 SHA | A01641190 | 03/06/2020 | Book | |||||
| Perpustakaan Jitra | Pinjaman Dewasa | 03/06/2020 | 1 | 297.1409595 SHA | A01641186 | 18/01/2023 | 14/01/2023 | Book | |||
| Perpustakaan Kuala Nerang | Pinjaman Dewasa | 03/06/2020 | 1 | 297.1409595 SHA | A01641194 | 22/09/2025 | 02/09/2025 | Book | |||
| Perpustakaan Kulim | Pinjaman Dewasa | 03/06/2020 | 297.1409595 SHA | A01641187 | 03/06/2020 | Book | |||||
| Perpustakaan Langkawi | Pinjaman Dewasa | 03/06/2020 | 297.1409595 SHA | A01641188 | 03/06/2020 | Book | |||||
| Perpustakaan Merbok | Pinjaman Dewasa | 03/06/2020 | 1 | 1 | 297.1409595 SHA | A01641191 | 02/11/2022 | 11/09/2022 | Book | ||
| Perpustakaan Sik | Pinjaman Dewasa | 03/06/2020 | 1 | 297.1409595 SHA | A01641193 | 08/06/2022 | 17/05/2022 | Book | |||
| Perpustakaan Yan | Pinjaman Dewasa | 03/06/2020 | 297.1409595 SHA | A01641192 | 03/06/2020 | Book |